| 000 | 01063nam a2200241Ia 4500 | ||
|---|---|---|---|
| 003 | GCL | ||
| 008 | 140319s9999 xx 000 0 ara d | ||
| 040 |
_aGCL / _cGCL |
||
| 082 | 0 | 4 |
_aق _b355.03300903 _bم م |
| 100 | 1 | _aمحمد فيصل عبدالمنعم | |
| 245 | 1 | 0 |
_aمصر تحت السلاح / _cمحمد فيصل عبدالمنعم |
| 260 |
_aالقاهرة : _bمكتبة القاهرة الحديثة |
||
| 300 |
_a560 ص ؛ _c24 سم |
||
| 650 | 0 | 4 | _aمصر - الجيش |
| 650 | 0 | 4 | _aمصر - تاريخ - العصر الحديث (1805 - 1956 ) |
| 650 | 0 | 4 | _aمصر - تاريخ - العصر الحديث - الثورة العرابية |
| 650 | 0 | 4 | _aمصر - التاريخ الحربى |
| 650 | 0 | 4 | _aمصر - تاريخ - العصر الحديث - الاحتلال البريطانى |
| 650 | 0 | 4 | _aمصر - تاريخ - الحملة الفرنسية (1798-1801م) |
| 650 | 0 | 4 | _aمصر - تاريخ - العصر الحديث - عصر اسماعيل ( 1863-1879 م ) |
| 650 | 0 | 4 | _aمصر القديمة - تاريخ |
| 942 |
_2ddc _cBK |
||
| 999 |
_c49807 _d49807 |
||